Дело об установлении учёных степеней магистра и доктора философии права

Доступно только в Электронных читальных залах Найти на картеНа карте
RUSMARC
00004003nmc2a22000003x 450
0018e0d9e68-df4b-4eab-80f8-c3937b255c1b
00520181027034325.0
100##$a20161103l19101910k l0rusy0189 ca
1010#$arus
102##$aRU
2001#$aДело об установлении учёных степеней магистра и доктора философии права
$j26 ноября - декабрь 1910 г.
251##$cДело
300##$aДело
300##$aОриг. заголовок дела: Циркуляры. 26 ноября 1910 г. - декабрь 1910 г
801#0$aRU
$bРГИА
$c20161103
$gRCR
801#1$aRU
$bГлавНИВЦ
$c20161103
$2rusmarc
801#2$aRU
$bПБ им. Б.Н. Ельцина
$c20181027
$gRCR
$2rusmarc
850##$aРГИА
852##$aРГИА
$eФедеральное казенное учреждение "Российский государственный исторический архив" (РГИА)
$j809
937##$hРГИА
$d12223930
$aASBIBLIO_SCAN
462#0$100126b40e11-af91-4857-a996-d385742ed9e4
$12001
$aДела по ученым учреждениям и высшим учебным заведениям Департамента народного просвещения за 1908-1910 гг.
$1251
$cОпись
$1852
$j154
461#0$1001a74412a3-3cc5-4d21-8f0a-dfe2fbd9e72d
$12001
$aДепартамент народного просвещения Министерства народного просвещения (1803-1917)
$1251
$cФонд
$1852
$j733
215##$a7 л.
$d36,5х26 см
371##$aДокумент не является опубликованным и широко распространяемым
105##$ay###
1222#$ad
5171#$aЦиркуляры. 26 ноября 1910 г. - декабрь 1910 г
035##$a8e0d9e68-df4b-4eab-80f8-c3937b255c1b
856##$uhttp://readingroom.main.prlib.ru/item.aspx?id_node=n120103822&mode=full
Формат отображения